000 00419nam a2200145Ia 4500
008 100122s9999 xx 000 0 und d
082 _b15885
_a823
100 _aदत्त प्रफुल्ल
245 _aराम जवळकर
260 _bअभिनव प्रक ाशन
_c1969
300 _a131
630 _aराम जवळकर
730 _aराम जवळकर
942 _cBOOK
999 _c406017
_d406014